Собрание видов села Городни и его окрестностей в семи верстах от Калуги. Владения ея светлости княгини Натальи Петровны Голицыной. Двора их императорских величеств штатс-дамы и ордена Св. Екатерины кавалера (Запись № 10051427)

Подробности
000 -МАРКЕР
контрольное поле 01618nam0a22003131 4500
001 - ИДЕНТИФИКАТОР ЗАПИСИ
контрольное поле RU\NLR\A1DV\32699
005 - ИДЕНТИФИКАТОР ВЕРСИИ
контрольное поле 20251203152403.2
035 ## - ДРУГИЕ СИСТЕМНЫЕ НОМЕРА
Идентификатор записи (NLR Aleph) 010777698
100 ## - ДАННЫЕ ОБЩЕЙ ОБРАБОТКИ
Данные общей обработки 20251214 rusy50
101 0# - ЯЗЫК РЕСУРСА
Язык текста, звукозаписи и т.д. русский
102 ## - СТРАНА ПУБЛИКАЦИИ ИЛИ ПРОИЗВОДСТВА
Страна публикации Российская Федерация
105 ## - ПОЛЕ КОДИРОВАННЫХ ДАННЫХ: ТЕКСТОВЫЕ МАТЕРИАЛЫ, МОНОГРАФИЧЕСКИЕ
Кодированные данные о монографическом текстовом документе a z 000yy
200 1# - ЗАГЛАВИЕ И СВЕДЕНИЯ ОБ ОТВЕТСТВЕННОСТИ
Основное заглавие Собрание видов села Городни и его окрестностей в семи верстах от Калуги. Владения ея светлости княгини Натальи Петровны Голицыной. Двора их императорских величеств штатс-дамы и ордена Св. Екатерины кавалера
Параллельное заглавие Collection de vues de la terre de Gorodnia à sept werstes de Kalouga appartenant à son exellence madame la princesse Galitzin
210 ## - ПУБЛИКАЦИЯ, РАСПРОСТРАНЕНИЕ И ДР.
Место издания, распространения и т.д. [Б.м.]
Имя издателя, распространителя и т. д. Lithographie par S.Loukin
Дата издания, распространения и т.д. [182-?]
215 ## - ФИЗИЧЕСКАЯ ХАРАКТЕРИСТИКА
Специфическое обозначение материала и объем [16] отд. л. ил. в изд. обл.
Размеры 23 x 29 см
300 ## - ОБЩИЕ ПРИМЕЧАНИЯ
Текст примечания Без ценз. разрешения
309 ## - ПРИМЕЧАНИЯ ОБ ОСНОВНОМ ИСТОЧНИКЕ ИНФОРМАЦИИ И ОБ ОСОБЕННОСТЯХ ПОЛИГРАФИЧЕСКОГО ОФОРМЛЕНИЯ ИЗДАНИЯ
Текст примечания Без тит. л. Описано по изд. обл.
510 1# - ПАРАЛЛЕЛЬНОЕ ЗАГЛАВИЕ
Параллельное заглавие Collection de vues de la terre de Gorodnia à sept werstes de Kalouga appartenant à son exellence madame la princesse Galitzin
Язык заглавия французский
702 #1 - ИМЯ ЛИЦА - ВТОРИЧНАЯ ОТВЕТСТВЕННОСТЬ
Начальный элемент ввода Голицына
Часть имени, кроме начального элемента ввода Н.П.
Даты 1739-1837
Расширение инициалов личного имени Наталья Петровна
Код отношения Прочие
702 #1 - ИМЯ ЛИЦА - ВТОРИЧНАЯ ОТВЕТСТВЕННОСТЬ
Связь между полями z01790
Начальный элемент ввода Лукин
Часть имени, кроме начального элемента ввода С.П.
Расширение инициалов личного имени Степан Прохорович
Код отношения Литограф
790 #1 - ИМЯ ЛИЦА - АЛЬТЕРНАТИВНАЯ ФОРМА
Связь между полями z01702
Начальный элемент ввода Loukin
Часть имени, кроме начального элемента ввода S.
Графика поля Латинская
801 #0 - ИСТОЧНИК ЗАПИСИ
Страна Российская Федерация
Организация NLR
Дата составления 20060504
852 ## - МЕСТОНАХОЖДЕНИЕ И ШИФР ХРАНЕНИЯ
Идентификатор организации NLR
Шифр хранения (Call Number) 18.121.2.59
852 ## - МЕСТОНАХОЖДЕНИЕ И ШИФР ХРАНЕНИЯ
Идентификатор организации NLR
Наименование фонда или коллекции (Sub-Location Identifier) Э
Шифр хранения (Call Number) АлТ63/2-Г70
942 ## - ДОПОЛНИТЕЛЬНЫЕ ЭЛЕМЕНТЫ ЗАПИСИ (АБИС)
Тип экземпляра АБИС Книга
980 ## - КОЛЛЕКЦИЯ
Название коллекции Национальная библиография
980 ## - КОЛЛЕКЦИЯ
Название коллекции 19 век (1-я четв.)
Экземпляры
Тип экземпляра Дата поступления Библиотека постоянного хранения Библиотека текущего хранения Место хранения Шифр хранения Штрих-код Статус экземпляра
Книга 13.05.2016 РНБ (Садовая) РНБ (Садовая) Русский книжный фонд -Главное здание, Ленинский читальный зал 18.121.2.59 10777698-10